In search of freedom. (Record no. 74283)

MARC details
000 -LEADER
fixed length control field 00589cam a22002051 4500
001 - CONTROL NUMBER
control field sa 67004129
003 - CONTROL NUMBER IDENTIFIER
control field DLC
005 - DATE AND TIME OF LATEST TRANSACTION
control field 20260227112344.0
008 - FIXED-LENGTH DATA ELEMENTS--GENERAL INFORMATION
fixed length control field 830502s1967 ii c 000 0 eng
010 ## - LIBRARY OF CONGRESS CONTROL NUMBER
LC control number sa 67004129
035 ## - SYSTEM CONTROL NUMBER
System control number (OCoLC)9469509
040 ## - CATALOGING SOURCE
Original cataloging agency DLC
Transcribing agency ScU
Modifying agency DLC
042 ## - AUTHENTICATION CODE
Authentication code premarc
050 00 - LIBRARY OF CONGRESS CALL NUMBER
Classification number DS481.C415
Item number A3
100 1# - MAIN ENTRY--PERSONAL NAME
Personal name Chatterji, Jogesh Chandra,
Dates associated with a name 1895-
245 10 - TITLE STATEMENT
Title In search of freedom.
250 ## - EDITION STATEMENT
Edition statement [1st ed.
260 ## - PUBLICATION, DISTRIBUTION, ETC.
Place of publication, distribution, etc. Calcutta,
Name of publisher, distributor, etc. Paresh Chandra Chatterjee]; distributor: Firma K. L. Mukhopadhyay,
Date of publication, distribution, etc. 1967.
300 ## - PHYSICAL DESCRIPTION
Extent 598, lxxiii, [a]-cp.
Other physical details port.
Dimensions 22 cm.

No items available.

Powered by Koha